000 00259nam a22001217a 4500
008 180920b xxu||||| |||| 00| 0 eng d
041 _aeng
080 _a610
100 _a5
101 _aANE
245 _aAnesthesia Analgesia
_cJubile .S
942 _2udc
_cBK
999 _c48150
_d48150